000
00335nam a22001457a 4500
999
_c
8819
_d
8819
003
OSt
008
200711b ||||| |||| 00| 0 eng d
100
_a
Vyawahar ,N.S
245
_a
Preclinical Screening of Drug
250
_a
2016
260
_a
New Delhi
_b
Nirali
300
_a
12.6
650
_a
Clinical Pharmacy
942
_2
ddc
_c
BK
_0
1